التخطيط العمرانى فى مصر القديمة

محفوظ في:

المؤلف الرئيسي: محمد ابو المحاسن عصفور

التنسيق: كتاب

اللغة: Undetermined

الوسوم: إضافة وسم

لا توجد وسوم, كن أول من يضع وسما على هذه التسجيلة!

رقم الطلب:

LEADER 00289nam a2200097Ia 4500
008 240503s9999||||xx |||||||||||||| ||und||
100 1 |a محمد ابو المحاسن عصفور 
245 1 0 |a التخطيط العمرانى فى مصر القديمة 
300 |a 109  |c 24 
942 |2 lcc  |c BK 
999 |c 58326  |d 58326